[Event "Bergen Grand Prix"]
[Site "Bergen"]
[Date "2019.11.16"]
[Round "2"]
[White "Gronnestad, Anita"]
[Black "Kopperud, Vidar Aleksander"]
[Result "1-0"]
[WhiteElo "1952"]
[BlackElo "1770"]
[PlyCount "99"]
[EventDate "2019.11.15"]
[EventType "swiss"]
[EventRounds "5"]
[EventCountry "NOR"]
[SourceTitle "CBM 193 Extra"]
[Source "ChessBase"]
[SourceDate "2020.01.31"]
[SourceVersion "1"]
[SourceVersionDate "2020.01.31"]
[SourceQuality "1"]

1. d4 Nf6 2. c4 e6 3. g3 Bb4+ 4. Bd2 Qe7 5. Bg2 0-0 6. a3 Bxd2+ 7. Nxd2 d6 8. e3 Nbd7 9. Qc2 a5 10. Ne2 e5 11. 0-0 Ra7 12. Nc3 c6 13. b4 Nb6 14. b5 Bd7 15. Rab1 c5 16. Rfe1 Be6 17. d5 Bg4 18. h3 Bh5 19. f4 h6 20. f5 Nbd7 21. g4 Bxg4 22. hxg4 Nxg4 23. Nf3 b6 24. Bh3 Ngf6 25. Ne4 Nxe4 26. Qxe4 Nf6 27. Qh4 e4 28. Nh2 Nxd5 29. Qxe7 Nxe7 30. Rbd1 Rd8 31. Ng4 Nxf5 32. Nf6+ gxf6 33. Bxf5 Re7 34. Rd5 Re5 35. Red1 Rxd5 36. Rxd5 Kf8 37. Kf2 Ke7 38. Bxe4 Rh8 39. Rh5 Ke6 40. Bd5+ Ke7 41. Kf3 Kf8 42. Kf4 Kg7 43. Rh3 Re8 44. Rg3+ Kf8 45. Kf5 Ke7 46. Rg7 Rf8 47. Rh7 h5 48. Rxh5 Rg8 49. Rh7 Rf8 50. a4 1-0

[Event "Bergen Grand Prix"]
[Site "Bergen"]
[Date "2019.11.15"]
[Round "1"]
[White "Kopperud, Vidar Aleksander"]
[Black "Rasmussen, Jonas H"]
[Result "1/2-1/2"]
[WhiteElo "1770"]
[BlackElo "1951"]
[PlyCount "59"]
[EventDate "2019.11.15"]
[EventType "swiss"]
[EventRounds "5"]
[EventCountry "NOR"]
[SourceTitle "CBM 193 Extra"]
[Source "ChessBase"]
[SourceDate "2020.01.31"]
[SourceVersion "1"]
[SourceVersionDate "2020.01.31"]
[SourceQuality "1"]

1. d4 Nf6 2. c4 c6 3. Nf3 d5 4. e3 a6 5. Nc3 Bf5 6. Be2 h6 7. 0-0 e6 8. b3 Nbd7 9. Bb2 Bd6 10. h3 0-0 11. Nd2 Re8 12. Bf3 Rc8 13. e4 dxe4 14. Ndxe4 Bb8 15. g4 Nxe4 16. Nxe4 Bg6 17. Ng3 Nf6 18. Qe2 Qc7 19. Bg2 Rcd8 20. Rad1 Qa5 21. a3 h5 22. f4 hxg4 23. hxg4 c5 24. g5 Nh7 25. Ne4 cxd4 26. b4 Qc7 27. Bxd4 b6 28. Be5 Qe7 29. Bxb8 Rxb8 30. Rd2 1/2-1/2

[Event "Oslo op"]
[Site "Oslo"]
[Date "2019.03.03"]
[Round "5"]
[White "Dienes, Tamas"]
[Black "Kopperud, Vidar Aleksander"]
[Result "0-1"]
[WhiteElo "1560"]
[BlackElo "1727"]
[PlyCount "114"]
[EventDate "2019.03.01"]
[EventType "swiss"]
[EventRounds "5"]
[EventCountry "NOR"]
[SourceTitle "EXT 2024"]
[Source "ChessBase"]
[SourceDate "2023.10.10"]
[SourceVersion "1"]
[SourceVersionDate "2023.10.10"]
[SourceQuality "1"]

1. e4 c5 2. Nf3 d6 3. Nc3 Nf6 4. b3 Nc6 5. Bb2 a6 6. h3 e6 7. d4 cxd4 8. Nxd4 e5 9. Nf3 Be7 10. Bd3 0-0 11. 0-0 h6 12. Re1 Be6 13. Ne2 Qc7 14. a3 b5 15. Rc1 Nd7 16. c4 b4 17. axb4 Nxb4 18. Nc3 Nc5 19. Bb1 Qb6 20. Nd5 Nxd5 21. exd5 Bd7 22. Rc3 Bf6 23. Rce3 Rab8 24. Qc2 g6 25. Nd2 Bf5 26. Qc3 Bxb1 27. Rxb1 Bg5 28. Rg3 Bxd2 29. Qxd2 Ne4 30. Qe3 Nxg3 31. Qxg3 Qxb3 32. Qh4 Qd3 33. Re1 Rxb2 34. Re4 Kg7 35. Re3 Qb1+ 36. Kh2 g5 37. Rg3 Qg6 38. Qg4 f5 39. Qd1 f4 40. Ra3 Qc2 41. Qg4 Qxf2 42. Rxa6 Qg3+ 43. Qxg3 fxg3+ 44. Kxg3 Rd8 45. Ra7+ Kg6 46. Rc7 h5 47. c5 Rd2 48. c6 Rxd5 49. Rd7 Rc8 50. c7 h4+ 51. Kg4 Rd3 52. Rxd6+ Rxd6 53. g3 Rd4+ 54. Kf3 Rxc7 55. gxh4 Rxh4 56. Kg3 Rc3+ 57. Kg2 Rb4 0-1

[Event "EU-ch Seniors 50 18th"]
[Site "Drammen"]
[Date "2018.08.10"]
[Round "7"]
[White "Johansen, Arild"]
[Black "Kopperud, Vidar Aleksander"]
[Result "1-0"]
[WhiteElo "1935"]
[BlackElo "1742"]
[PlyCount "111"]
[EventDate "2018.08.04"]
[EventType "swiss"]
[EventRounds "9"]
[EventCountry "NOR"]
[SourceTitle "CBM 185 Extra"]
[Source "ChessBase"]
[SourceDate "2018.07.29"]
[SourceVersion "1"]
[SourceVersionDate "2018.07.29"]
[SourceQuality "1"]

1. Nf3 c5 2. c4 d6 3. g3 Nf6 4. Bg2 g6 5. 0-0 Bg7 6. Nc3 0-0 7. d4 Nbd7 8. b3 Rb8 9. Bb2 a6 10. a4 cxd4 11. Nxd4 Nc5 12. b4 Ne6 13. Nd5 Nxd5 14. cxd5 Nxd4 15. Bxd4 b5 16. Bxg7 Kxg7 17. Qd4+ f6 18. a5 Qd7 19. Rac1 Bb7 20. h4 Rfc8 21. Kh2 Rxc1 22. Rxc1 Kg8 23. Bh3 f5 24. e4 Rc8 25. Rc3 Rxc3 26. Qxc3 Qc8 27. Qxc8+ Bxc8 28. f4 e6 29. dxe6 Bxe6 30. Kg1 Kf7 31. exf5 gxf5 32. Kf2 d5 33. Ke3 Ke7 34. Kd4 Kd6 35. Bf1 Bd7 36. Be2 h6 37. Bh5 Bc6 38. Bg6 Bd7 39. Bf7 Bc6 40. Bg8 Bb7 41. Bh7 Bc8 42. Bg6 Bd7 43. Bh5 Be6 44. Bf3 Bf7 45. g4 fxg4 46. Bxg4 Be6 47. f5 Bd7 48. Bf3 Bxf5 49. Bxd5 Bc8 50. Bf3 Bd7 51. Bb7 Be8 52. Bxa6 Bc6 53. Bc8 Bf3 54. a6 Kc7 55. Bb7 Be2 56. Kc5 1-0